000
nam a22 7a 4500
999
_c
46216
_d
46216
003
OSt
005
20190410164924.0
008
190410b xxu||||| |||| 00| 0 eng d
040
_c
sero soft
100
_a
singh,Y.K
245
_a
Teaching of botany
260
_a
delhi
_b
APH
300
_a
348
942
_2
ddc
_c
02